| 000 | 00765cam a2200241 a 4500 | ||
|---|---|---|---|
| 001 | 3908157 | ||
| 005 | 20180214083735.0 | ||
| 008 | 911010s1992 nyua b 001 0 eng | ||
| 010 | _a 91050880 | ||
| 020 |
_a0465098142 : _c$25.00 ($33.50 Can.) |
||
| 040 |
_aDLC _cDLC _dDLC |
||
| 041 | _aeng | ||
| 043 | _an-us--- | ||
| 080 | _a320.011 KAU | ||
| 082 | 0 | 0 |
_a320.011 KAU _220 |
| 100 | 1 | _a19 | |
| 101 | _aPOL | ||
| 245 | 1 | 4 |
_aThe end of equality / _cMickey Kaus. |
| 504 | _aIncludes bibliographical references (p. [187]-282) and index. | ||
| 906 |
_a7 _bcbc _corignew _d1 _eocip _f19 _gy-gencatlg |
||
| 942 |
_2ddc _cBK |
||
| 999 |
_c42525 _d42525 |
||